000 00300nam a22001337a 4500
008 170725b xxu||||| |||| 00| 0 eng d
020 _a9780538730280
041 _aeng
080 _a004
100 _a29
101 _aSHK
245 _aKEYBOARDING & WORD PROCESSING
_cVANHUSS,S.H
942 _2udc
_cBK
999 _c21871
_d21871